000 00979nam a2200265 a 4500
001 46434
003 BD-RjUL
005 20211209054143.0
008 160802s1955 enk 001 0 eng
035 _a(BD-RjUL)46552
035 _a(OCoLC)1837388
040 _aDLC
_cOClU-L
_dFTaSU-L
_dUk
_dDLC
_beng
041 _aeng
082 _a345.4104
_bEDM 1955
100 1 _aEdwards, J. Ll. J.
_q(John Llewelyn Jones),
_d1918-
_9141740
245 1 0 _aMens rea in statutory offences /
_cby J.Ll.J. Edwards.
260 _aLondon :
_bMacmillan ;
_aNew York :
_bSt. Martin's Press,
_c1955.
300 _axiv, 297 p. ;
_c23 cm.
500 _a"Originally ... written as a thesis for the degree of Doctor of Philosophy in the University of London"--P. xiv.
504 _aIncludes bibliographical references (p. 289-291)
650 0 _aCriminal intent
_zGreat Britain.
_9141742
942 _2ddc
_cBK
999 _c46434
_d46434